|
|
|
|
| LEADER |
01145nam a22002892a 4500 |
| 001 |
001761170 |
| 003 |
CZ BrMZK |
| 005 |
20210318123957.0 |
| 007 |
ta |
| 008 |
200730s1965 ru af er|||||||||||rus d |
| 040 |
|
|
|a ABA001
|b cze
|d JHB502
|d BOA001
|
| 080 |
|
|
|a 581.9(23.03)
|2 MRF
|
| 080 |
|
|
|a (048.8)
|2 MRF
|
| 100 |
1 |
|
|a Malyšev, Leonid Ivanovič,
|d 1931-2014
|7 mzk2008469149
|4 aut
|
| 245 |
1 |
0 |
|a Vysokogornaja flora vostočnogo Sajana :
|b obzor sosudistych rastenij, osobennosti sostava i florogenezis /
|c Leonid Ivanovič Malyšev
|
| 260 |
|
|
|a Moskva :
|b Nauka,
|c 1965
|
| 300 |
|
|
|a 366 s., obr. příl. :
|b il.
|
| 504 |
|
|
|a Obsahuje bibliografii
|
| 550 |
|
|
|a Vydavatel: Akademija nauk SSSR. Sibirskoje otdelenije. Vostočno-sibirskij biologičeskij institut
|
| 650 |
0 |
7 |
|a vysokohorské rostliny
|7 ph323385
|2 czenas
|
| 651 |
|
7 |
|a Sovětský svaz
|7 ge128583
|2 czenas
|
| 655 |
|
7 |
|a monografie
|7 fd132842
|2 czenas
|
| 710 |
2 |
|
|a Akademija nauk SSSR.
|b Sibirskoje otdelenije
|7 ko2002102778
|
| 910 |
|
|
|a BOA001
|b 3-0550.082
|
| 990 |
|
|
|a BK
|
| 991 |
|
|
|b 202007
|
| 996 |
7 |
|
|b 2618892343
|c 3-0550.082
|l MZK
|r Sklad / do 1 hodiny
|n 0
|w 001816890
|u 000010
|a 1
|e BOA001
|j MZK50
|s A
|